Central Library OPAC University of Rajshahi
Normal view MARC view

Entry Topical Term

Number of records used in: 2

001 - CONTROL NUMBER

  • control field: 10786

003 - CONTROL NUMBER IDENTIFIER

  • control field: BD-RjUL

005 - DATE AND TIME OF LATEST TRANSACTION

  • control field: 20240109151304.0

008 - FIXED-LENGTH DATA ELEMENTS

  • fixed length control field: 240109|| aca||aabn | a|a d

040 ## - CATALOGING SOURCE

  • Original cataloging agency: BD-RjUL
  • Transcribing agency: BD-RjUL

150 ## - HEADING--TOPICAL TERM

  • Topical term or geographic name entry element: Tobacco Farming
  • General subdivision: Community People
  • Geographic subdivision: Bangladesh
  • Geographic subdivision: Rangpur Region

670 ## - SOURCE DATA FOUND

  • Source citation: Work cat.: (BD-RjUL)82584: Ali, Md. Yeamin 10785, Socio-environmental Impact of Tobacco Farming on the Community People of Rangpur Region in Bangladesh /, 2018